000
00519nam a2200181Ia 4500
008
090124s9999 xx 000 0 und d
082
_b
117082
100
_a
बोरकर लक्ष्मीदास
245
_a
भावधारा
250
_a
1
260
_c
1976
300
_a
212
600
_a
बोरकर लक्ष्मीदास
630
_a
भावधारा
700
_a
बोरकर लक्ष्मीदास
730
_a
भावधारा
942
_c
BOOK
999
_c
163168
_d
163168